000 01158nam a2200325 i 4500
001 000046580
003 DO-SdBPM
005 20251031134336.0
007 ta
008 150827s1995 dr 000 0 spa d
040 _aDO-SdBPM
_bspa
_cBPMSU
_erda
_drda
082 4 _a301.34
_bA171a 1996
_222
245 0 0 _aAcción Alternativa :
_btrabajemos para construir la esperanza, apuntes para una estrategia socialista /
_cpresentación, Eliazar Mota, Aniana Vargas, Fidelio Despradel
264 _aSanto Domingo :
_bAcción Alternativa,
_c1996
300 _a16 páginas ;
_c22 cm.
336 _2rdacontent
_atexto
_btxt
337 _2rdamedia
_asin mediación
_bn
338 _2rdacarrier
_avolumen
_bnc
490 0 _aAcción alternativa ;
_v1
500 _aTítulo tomado de la cubierta.
590 _aInventariado, 2025/VM
650 7 _aAcción comunitaria
_xHistoria
_zRepública Dominicana
650 7 _aOrganizaciones comunitarias
650 7 _aTrabajadores
_zRepública Dominicana
700 1 _aMota, Eleazar
700 1 _aVargas, Aniana
700 1 _aDespradel, Fidelio
910 _aVMateo V. Control de calidad. BPMSU
942 _2ddc
_cBK
999 _c15483
_d15483